| 000 | 00000cam 2200000zi 4500 |
| 001 | 9.942627 |
| 003 | CaOODSP |
| 005 | 20251229075049 |
| 006 | m o d f |
| 007 | cr mn||||||||| |
| 008 | 240829e20240829onc ob f000 0 fre d |
| 040 | |aCaOODSP|bfre|erda|cCaOODSP |
| 043 | |an-cn--- |
| 086 | 1 |aH113-25/2024-9F-PDF |
| 245 | 00|aChlorure de didécyldiméthylammonium (CDDA), Acticide DDQ 50-E. |
| 264 | 1|aOttawa (Ontario) : |bSanté Canada = Health Canada, |c29 août 2024. |
| 264 | 4|c©2024 |
| 300 | |a1 ressource en ligne (6 pages). |
| 336 | |atexte|btxt|2rdacontent/fre |
| 337 | |ainformatique|bc|2rdamedia/fre |
| 338 | |aressource en ligne|bcr|2rdacarrier/fre |
| 490 | 1 |aDécision d'homologation, |x1925-0924 ; |vRD2024-09 |
| 500 | |aPublié aussi en anglais sous le titre : Didecyl dimethyl ammonium chloride (DDAC), Acticide DDQ 50-E. |
| 500 | |a« Ce document est publié par l'Agence de réglementation de la lutte antiparasitaire de Santé Canada. » |
| 504 | |aComprend des références bibliographiques. |
| 650 | 6|aPesticides|xCertification|zCanada. |
| 650 | 6|aPesticides|xÉvaluation du risque|zCanada. |
| 650 | 6|aPesticides|xAspect sanitaire. |
| 650 | 6|aPesticides|xAspect de l'environnement. |
| 710 | 1 |aCanada. |bAgence de réglementation de la lutte antiparasitaire, |eorganisme de publication. |
| 775 | 08|tDidecyl dimethyl ammonium chloride (DDAC), Acticide DDQ 50-E.|w(CaOODSP)9.942626 |
| 830 | #0|aDécision d'homologation ;|vRD2024-09.|w(CaOODSP)9.501583 |
| 856 | 40|qPDF|s334 Ko|uhttps://publications.gc.ca/collections/collection_2024/sc-hc/h113-25/H113-25-2024-9-fra.pdf |
| 856 | 4 |qHTML|sS.O.|uhttps://www.canada.ca/fr/sante-canada/services/securite-produits-consommation/rapports-publications/pesticides-lutte-antiparasitaire/decisions-mises-jour/decision-homologation/2024/chlorure-didecyldimethylammonium.html |